Liedtext - Der Kommissar - Falco - Statistiken

Allgemein
  • Dieses Quiz wurde 418 mal gespielt
  • Das Durchschnittsergebnis liegt bei 194 aus 405
Antwortstatistiken
Textquiz % Korrekt
Kommissar
93%
der
91%
di
90%
geht
87%
um
87%
ea
73%
Er
73%
da
72%
I
71%
ned
71%
die
69%
Die
69%
Drah
68%
drah
68%
du
67%
oh
65%
und
60%
Und
60%
nicht
58%
war
58%
her
57%
ja
57%
Drah
55%
ist
54%
Sie
54%
sie
54%
wia
54%
Wir
54%
wir
54%
ich
53%
Ich
53%
wenn
53%
Wenn
53%
das
52%
es
52%
alle
50%
Schau
48%
schau
48%
warum
48%
weiß
47%
klar
44%
Na
44%
san
44%
bringt
43%
hat
43%
Herr
43%
hot
43%
me
43%
den
41%
Den
41%
ihr
41%
sind
41%
Alles
40%
dumm
39%
Mein
39%
mein'
39%
zwei
39%
auch
38%
Auch
38%
drei
38%
eins
38%
jede
37%
jetzt
37%
Jetzt
37%
nix
37%
so
37%
So
37%
waßt
37%
la
36%
dem
35%
Gschicht
35%
Kind
35%
Lem
35%
Nacht
35%
Sag
35%
uns
35%
auf
34%
erzähl'
34%
was
34%
eich
33%
Joe
33%
dabei
32%
macht
32%
bei
31%
Jack
31%
Kinderlied
31%
heiß
30%
Jill
30%
klan
30%
Lebenslust
30%
stumm
30%
Dieser
29%
dieser
29%
Im
29%
will
29%
bin
28%
ihren
28%
Preis
28%
rap
28%
three
28%
Two
28%
jedes
27%
jung
27%
Schnee
27%
schon
27%
U-Bahn
27%
dein
26%
fahr'n
26%
fährt
26%
four
26%
Gang
26%
heite
26%
mir
26%
to
26%
zur
26%
coolen
25%
kennt
25%
noch
25%
Rest
25%
the
25%
verstehe
25%
Frust
24%
hin
24%
it
24%
sagt
24%
ab
23%
anderer
23%
eam
23%
Kroft
23%
lieber
23%
rein
23%
talwärts
23%
wird
23%
ya
23%
beat
22%
bekannt
22%
Meinung
22%
wohl
22%
Fall
21%
friends
21%
gewohnt
21%
rauch'
21%
you
21%
Check
20%
dafür
20%
funky
20%
läuft
20%
my
20%
out
20%
rappen
20%
reicht
20%
singen's
20%
spricht
20%
Bruder
19%
meint
19%
miss
19%
Not
19%
onspricht
19%
places
19%
special
19%
dort
18%
Funk-Verständnis
18%
heat
18%
treffen
18%
überleg'
18%
Währenddessen
18%
dessen
17%
Herz
17%
Hip
17%
Nichtsdestotrotz
17%
Nosn
17%
Wänd'
17%
ah
16%
got
16%
Hey
16%
know
16%
man
16%
onschau'n
16%
TV-Funk
16%
Babe
15%
Dazwischen
15%
kratzen's
15%
sweet
14%
überreiß'
13%
rapping
12%
Sugar
12%
Did
11%
that
10%
tja
9%
wanna
9%
buy
8%
ever
8%
some
8%
stuff
7%
thing
7%
Keine übereinstimmenden Quizze gefunden
Verteilung der Resultate
Anzahl Personen mit jedem Resultat
Perzentil nach korrekt beantworteten Fragen
Ihre Resultats-Entwicklung
Sie haben dieses Quiz noch nicht gespielt